|
|
|
|
| LEADER |
00000nam a22000007i 4500 |
| 005 |
20110830104117.0 |
| 008 |
090326s2009 sp 00 0 spa d |
| 020 |
|
|
|a 9788496721753
|
| 035 |
|
|
|a 5710
|
| 040 |
|
|
|a BUS
|d vLex
|
| 080 |
|
|
|a 331.102.12(460)
|
| 090 |
|
|
|c 2294
|d 2294
|
| 245 |
0 |
3 |
|a El trabajo por cuenta ajena y sus fronteras
|c Jordi Agust ̕Juli,̀ Nuria Pumar Beltrǹ (coordinadores)
|h [Recurso electrn̤ico] /
|
| 256 |
|
|
|a Servicio en ln̕ea.
|
| 260 |
|
|
|a Albacete :
|b Bomarzo,
|c 2009.
|
| 300 |
|
|
|a 400 p. ;
|c 24 cm.
|
| 506 |
1 |
|
|a Contenido solo disponible en los productos indicados
|d vLex Global
|d vLex Global (Academic Edition, excluding Law Schools)
|d vLex Global (U.S. Academic Edition, Law Schools)
|d vLex Global (U.S. Academic Edition, excluding Law Schools)
|d vLex Global (Academic Edition, Law Schools)
|
| 650 |
0 |
4 |
|a Trabajadores autn̤omos
|z Espaą
|
| 700 |
1 |
|
|a Pumar Beltrǹ, Nuria,
|e coord.
|
| 700 |
1 |
|
|a Agust ̕Juli,̀ Jordi,
|e coord.
|
| 740 |
0 |
|
|a vLex Libros (Servicio en ln̕ea)
|
| 856 |
4 |
0 |
|x FDCT
|z Acceso al Indice y Resumen
|u http://www.marcialpons.es/fichalibro.php?id=100843229
|
| 856 |
4 |
0 |
|u http://vlex.com/source/trabajo-cuenta-ajena-fronteras-5710
|z Acceso restringido
|
| 942 |
|
|
|c BOOK
|